000 00651nam a2200229Ia 4500
008 100315s9999 xx 000 0 und d
040 _cENGLISH 
082 _b8351 
_a658.1511 
100 _a"MURTHY, GURUPRASAD "
245 _aManagement Accounting
260 _aBombay 
_bHIMALAYA  
_c1982 
300 _a612 
365 _eRupees 
_d
_b90.00 
366 _f
505 _gVaibhav Gaikwad 
530 _bDonated By RBI Library  
620 _a"Financial Management, Management Accounting "
630 _aManagement Accounting
650 _aFINANCIAL MANAGEMENT 
730 _aManagement Accounting
942 _cBOOK
999 _c483086
_d483083